| 000 | 01112 a2200193 4500 | ||
|---|---|---|---|
| 003 | NUST | ||
| 005 | 20221118151729.0 | ||
| 010 | _a70185214 | ||
| 040 | _cNust | ||
| 082 | _a515.25,FOB | ||
| 100 |
_aFobes, Melcher P. _9103089 |
||
| 245 |
_aElementary functions: backdrop for the calculus / _cMelcher P. Fobes |
||
| 260 |
_aNew York, _bMacmillan _c1973 |
||
| 300 | _axv,510 p.: | ||
| 505 | _aPreliminary Briefing (Page-1), Sets And The System Of Real Numbers (Page-11), Relations And Functions (Page-39), Analytic Geometry (Page-81), Simple Polynomial Functions (Page-120), Some Algebra Of Polynomial Functions (Page-150), Other Algebraic Functions And Their Graphs (Page-191), Exponential Functions (Page-217 ), Inverse Functions (Page-244), Logarithms Functions (Page-258), Trigonometric Functions (Page-270), Trigonometric Functions For Angles (Page-337), Analytic Trigonometry (Page-362), Polar Coordinates (Page-424), Inverse Trigonometric Functions (Page-437). | ||
| 600 |
_aMelcher P. Fobes _9103090 |
||
| 650 |
_aElementary functions: backdrop for the calculus _9103091 |
||
| 942 |
_2ddc _cBK _k515.25,FOB |
||
| 999 |
_c180708 _d180708 |
||